ბათუმის შოთა რუსთაველის სახელმწიფო უნივერსიტეტის ბიბლიოთეკა

სინდისის ცნება მარქსისტულ ეთიკაში : (ბიბ.ჩანაწერი № 37874)

000 -ლიდერი
ფიქსირებული სიგრძის საკონტროლო ველი 00962nam a2200229Ia 4500
001 - საკონტროლო ნომერი
საკონტროლო ველი 3852
003 - საკონტროლო ნომრის იდენტიფიკატორი
საკონტროლო ველი GE_BSU
005 - ბოლო ოპერაციის თარიღი და დრო
საკონტროლო ველი 20190813164036.0
008 - ფიქსირებული სიგრძის მონაცემთა ელემენტები - ზოგადი ინფორმაცია
ფიქსირებული სიგრძის საკონტროლო ველი 181216s1975||||ge |||||||||||||| ||geo||
040 ## - კატალოგიზაციის წყარო
Transcribing agency GE_BSU
041 ## - ენის კოდი
Language code of text/sound track or separate title geo
080 ## - უნივერსალური ათობითი კლასიფიკაციის ინდექსი
Universal Decimal Classification number 171 ბ–23
100 ## - მთავარი ჩანაწერი - პიროვნების სახელი
Personal name ბანძელაძე, გ.
9 (RLIN) 3556
245 ## - ცნობა სათაურის შესახებ
Title სინდისის ცნება მარქსისტულ ეთიკაში :
Remainder of title ნაწ .1 /
Statement of responsibility, etc საქ. სსრ მეცნ. აკად., ფილოსოფიის ინ-ტი.
264 ## - წარმოების, გამოცემის, დისტრიბუციის და სხვა ცნობები
გამოცემის, წარმოების, დისტრიბუციის... ადგილი თბილისი :
გამოცემის, წარმოების, დისტრიბუციის... სახელწოდება მეცნიერება,
გამოცემის, წარმოების, დისტრიბუციის... თარიღი 1975.
300 ## - ფიზიკური აღწერა
Extent 118 გვ. ;
Other physical details 21 სმ.
546 ## - LANGUAGE NOTE
Language note რეზ. რუს. და ინგლ. ენ.
653 ## - INDEX TERM--UNCONTROLLED
Uncontrolled term სინდისი
653 ## - INDEX TERM--UNCONTROLLED
Uncontrolled term მარქსისტული ეთიკა
710 ## - ADDED ENTRY--CORPORATE NAME
Corporate name or jurisdiction name as entry element საქ. სსრ მეცნ. აკად., ფილოსოფიის ინ-ტი.
9 (RLIN) 3557
942 ## - ADDED ENTRY ELEMENTS (KOHA)
Koha item type წიგნი
Source of classification or shelving scheme
ეგზემპლარები
ჩამოწერის სტატუსი დაკარგული ეგზემპლარის სტატუსი კლასიფიკაციის წყარო ან თაროზე გაწყობის სქემა დაზიანების სტატუსი არ გაიცემა მუდმივი მდებარეობა (დაცვის ადგილი) ამჟამინდელი ადგილსამყოფელი თაროზე განთავსების ადგილი შეძენის თარიღი ღირებულება, შესყიდვის ნორმალური ფასი სრული შენახვის შიფრი შტრიხკოდი ბოლო ოპერაციის თარიღი ეგზემპლარის მიმდევრობითი ნომერი (კეტერი?) ფასის ძალაში შესვლის თარიღი ეგზემპლარის სახეობა საჯარო შენიშვნა
          ბათუმის შოთა რუსთაველის სახელმწიფო უნივერსიტეტის მთავარი ბიბლიოთეკა ბათუმის შოთა რუსთაველის სახელმწიფო უნივერსიტეტის მთავარი ბიბლიოთეკა წიგნსაცავი 2018-12-17 1.00 171 ბ–23 5400 2018-12-17 5400 2018-12-17 წიგნი 1 ლ.